| 000 | 00482nam a2200181Ia 4500 | ||
|---|---|---|---|
| 008 | 170918s9999 xx 000 0 und d | ||
| 020 | _a1593080360 | ||
| 050 | _bL676ma 2003 | ||
| 100 | _aLewis, Sinclair | ||
| 245 | _aMain street / | ||
| 245 | _cby Sinclair Lewis ; with an introduction and notes by Brooke Allen. | ||
| 260 | _aNew York : | ||
| 260 | _bBarnes & Noble Classics, | ||
| 260 | _c2003 | ||
| 300 | _a526 pages : | ||
| 300 | _billustrations ; | ||
| 300 | _c17cm. | ||
| 999 |
_c343519 _d343519 |
||